Μαρξιστική ηθική και χριστιανική ηθική
Αποθηκεύτηκε σε:
| Κύριος συγγραφέας: | |
|---|---|
| Μορφή: | Βιβλίο |
| Γλώσσα: | Greek |
| Δημοσίευση: |
Θεσσαλονίκη :
[χ.ό.],
1968
|
| Θέματα: | |
| Ετικέτες: |
Προσθήκη ετικέτας
Δεν υπάρχουν, Καταχωρήστε ετικέτα πρώτοι!
|
MARC
| LEADER | 00000cam a2200000 i 4500 | ||
|---|---|---|---|
| 001 | 1/28159 | ||
| 008 | 060412s1968 gre d | ||
| 035 | |l 10083585 | ||
| 040 | |a GR-MY-UA |b gre |e aacr | ||
| 041 | 0 | |a gre | |
| 082 | 0 | |a 230.13092 |2 (22) | |
| 100 | 1 | |a Τσανανάς, Γεώργιος Α. | |
| 245 | 1 | 0 | |a Μαρξιστική ηθική και χριστιανική ηθική / |c Γεωργίου Α. Τσανανά |
| 260 | |a Θεσσαλονίκη : |b [χ.ό.], |c 1968 | ||
| 300 | |a 51 σ.; |c 21 εκ. | ||
| 500 | |a Με: Ο λόγος και η περί αυτού διδασκαλία του φιλοσόφου και μάρτυρος Ιουστίνου / Χρίστου Θ. Κρικώνη. - Παύλος / Σάββα Αγουρίδη. - Η κοινωνική σημασία της Παλαιάς Διαθήκης / Παναγιώτου Ι. Μπρατσιώτου. - Ο άνθρωπος κατά την Παλαιάν Διαθήκην / Βασιλείου Μ. Βέλλα. - Το περί ψυχής πρόβλημα / Σπυρ. Μ. Καλλιάφα. - Elige vitam | ||
| 650 | 0 | 0 | |a Ethics. |
| 650 | 0 | 0 | |a Christian ethics. |
| 852 | |a INST |b RHODES |c KRI |e 20060412 |h 230.13092 ΚΡΙ |p 005400021052 |q 005400021052 |t BK |y 0 | ||
| 901 | |a BIBL4-2006-1 | ||
| 909 | |a Ρ |b 122289 | ||
| 970 | |a ΚΟΖΑ |b ΜΑΡΙΑ |z 2006/04/12 | ||